000 00825cam a2200277 4500
001 J1942
008 090401t1993 xxu||||| |||| 00| 0 eng d
035 _a(Sirsi) u46381
041 _aeng
050 _a333.70285
110 _aAssociation for Geographic Information
_9166
245 _aWorld of GIS: AGI 93, 16-18 November 1993, International Convention Centre, Birmingham ... conference papers.
260 _aLondon
_bAssociation for Geographic Information
_c1993
300 _a1v.(loose-leaf) ; 30cm.
350 _a0
520 _aConference organised by Westrade Fairs Ltd.
650 _aDATA CAPTURE
650 _aDEMOGRAPHY
650 _aEnvironment
_96238
650 _aGIS
650 _aGIS DATABASES
650 _aLOCAL GOVERNMENT
690 _aLAND SURVEYING
942 _n0
948 _c04/03/1997
999 _c91918
_d91918